Online Catalogue and eLibrary

Homeworkers worldwide (Record no. 2655)

MARC details
000 -LEADER
fixed length control field 00809nam a2200169Ia 4500
005 - DATE AND TIME OF LATEST TRANSACTION
control field 20240425003139.0
008 - FIXED-LENGTH DATA ELEMENTS--GENERAL INFORMATION
fixed length control field 240331s9999 xx 000 0 und d
020 ## - INTERNATIONAL STANDARD BOOK NUMBER
ISBN 0850364345
082 ## - DDC Classification
Item Number - Author Mark ROW
Class No. 331.4
100 ## - MAIN ENTRY--PERSONAL NAME
Personal name Rowbotham, Sheila
245 #0 - TITLE STATEMENT
Title Homeworkers worldwide
Statement of responsibility, etc. Sheila, Rowbotham
250 ## - EDITION STATEMENT
Edition statement 1 st
260 ## - PUBLICATION, DISTRIBUTION, ETC.
Place of publication, distribution, etc. London :
Name of publisher, distributor, etc. Merlin press ltd /
Date of publication, distribution, etc. 1993
300 ## - PHYSICAL DESCRIPTION
Extent (e.g. Volumes, Pages etc.) iv, 92 p .,
500 ## - GENERAL NOTE
General note Women homeworkers have been forced by necessity to find new forms of association, these range from personal local networks to international links which are beginning to put pressure in triadic unions and international organizations. they are turning around the power of endurance and creating new kinds of labor organization: theses have vital lessons for workers threatened with casualization.
942 ## - Koha item type (Biblio)
Koha item type Books in Stacks (Lending)
Holdings
Lost status Damaged status Collection code Home library Current library Shelving location Date acquired Full call number Accession Number Item type
    Lending WERC Library WERC Library Social Science Cupboard 03/31/2024 331.4 ROW 3125 Books in Stacks (Lending)

© WERC Library